Hydrology and simulation of the ground-water flow system in Tooele Valley, Utah /

Bibliographic Details
Main Author: Lambert, P. M.
Corporate Authors: Utah. Division of Water Rights, Geological Survey (U.S.)
Other Authors: Stolp, B. J.
Format: Government Document Book
Language:English
Published: Salt Lake City, Utah : U.S. Dept. of the Interior, U.S. Geological Survey ; 1999.
Series:Water-resources investigations report ; 99-4014.
Subjects:

MARC

Tag First Indicator Second Indicator Subfields
LEADER 00000cam a2200000 a 4500
001 in00000005044
005 20150927110357.0
008 990712s1999 utuab b f000 0 eng d
035 |a (OCoLC)41828769 
035 |9 AJJ6354AM 
040 |d GPO  |d DLC  |d MvI  |d UtOrBLW 
043 |a n-us-ut 
049 |a UDOC 
074 |a 0624-B 
086 0 |a I 19.42/4:99-4014 
100 1 |a Lambert, P. M. 
245 1 0 |a Hydrology and simulation of the ground-water flow system in Tooele Valley, Utah /  |c by P.M. Lambert and B.J. Stolp ; prepared in cooperation with Tooele County; U.S. Department of the Army; Utah Department of Natural Resources, Division of Water Rights; Tooele City; and Grantsville City. 
264 1 |a Salt Lake City, Utah :  |b U.S. Dept. of the Interior, U.S. Geological Survey ;  |c 1999. 
264 2 |a Denver, Colo. :  |b Branch of Information Services [distributor], 
300 |a vi, 60 pages :  |b illustrations, maps ;  |c 28 cm. 
336 |a text  |b txt  |2 rdacontent 
337 |a unmediated  |b n  |2 rdamedia 
338 |a volume  |b nc  |2 rdacarrier 
490 1 |a Water-resources investigations report ;  |v 99-4014 
500 |a Shipping list number: 99-0305-P. 
504 |a Includes bibliographical references (pages 59-60). 
650 0 |a Groundwater flow  |z Utah  |z Tooele Valley. 
650 0 |a Groundwater flow  |z Utah  |z Tooele County. 
700 1 |a Stolp, B. J. 
710 1 |a Utah.  |b Division of Water Rights. 
710 2 |a Geological Survey (U.S.) 
830 0 |a Water-resources investigations report ;  |v 99-4014. 
999 |a MARS 
999 f f |s c061c466-c493-3b75-ae3c-6d2b7a36355a  |i 77ade70a-0b23-394d-b40f-f78b15cbeab1  |t 0 
952 f f |p normal  |a Texas A&M University  |b College Station  |c Sterling C. Evans Library  |d Evans: US Documents (Annex 5th floor)  |t 0  |e I 19.42/4:99-4014  |h Superintendent of Documents classification  |i unmediated -- volume  |m A14824277228 
998 f f |a I 19.42/4:99-4014  |t 0  |l Evans: US Documents (Annex 5th floor)